Sundress - A$AP Rocky (All Lyrics) - Statistics

General Stats
  • This quiz has been taken 11 times
  • The average score is 118 of 235
Answer Stats
Answer % Correct
fell
100%
I
100%
in
100%
the
100%
to
100%
To
100%
a
90%
A
90%
into
90%
wrong
90%
guess
80%
hands
80%
Tokyo
80%
with
80%
you
80%
You
80%
And
70%
and
70%
man
70%
now
70%
when
70%
When
70%
your
70%
Fuckin'
60%
fuckin'
60%
Just
60%
just
60%
kids
60%
remember
60%
that
60%
you're
60%
about
50%
dream
50%
F-in'
50%
me
50%
of
50%
trips
50%
walk
50%
we
50%
yeah
50%
around
40%
full
40%
guy
40%
he
40%
like
40%
love
40%
sprees
40%
used
40%
V
40%
Back
30%
by
30%
for
30%
get
30%
gifts
30%
I'm
30%
It
30%
it
30%
kill
30%
laugh
30%
see
30%
she
30%
shopping
30%
still
30%
too
30%
town
30%
Adjust
20%
been
20%
bit
20%
'Cause
20%
clear
20%
could
20%
crib
20%
Ever
20%
hurt
20%
if
20%
is
20%
it's
20%
made
20%
make
20%
mine
20%
only
20%
pain
20%
pass
20%
read
20%
real
20%
signs
20%
some
20%
time
20%
tryna
20%
Tryna
20%
turn
20%
would
20%
away
10%
bad
10%
be's
10%
bitch
10%
blind
10%
can
10%
chill
10%
Crip
10%
fine
10%
from
10%
give
10%
Gotta
10%
heal
10%
I've
10%
lately
10%
left
10%
little
10%
looks
10%
mind
10%
my
10%
not
10%
return
10%
'round
10%
say
10%
since
10%
tables
10%
takes
10%
They
10%
thinking
10%
took
10%
Walking
10%
'bout
0%
feelings
0%
fulfilling
0%
heard
0%
lost
0%
rebuilding
0%
Said
0%
tell
0%
No matching quizzes found
Score Distribution
Percent of People with Each Score
Percentile by Number Answered
Your Score History
You have not taken this quiz